000 00522nam a22001337a 4500
020 _a1-85340-364-4
082 _a823
_bRUS/P
100 _aRUSHTON, ROSIE
245 _aPOPPY
260 _aLONDON
_bPICCADILLY PRESS
_c1988
300 _a174
520 _aPoppy follows the eponymous mouse Poppy, who lives with her family under the control of Mr. Ocax. Mr. Ocax is a great horned owl who terrorizes and manipulates the mice into willingly remaining under his control so that he can prey upon them as he pleases.
942 _cBK
999 _c6345
_d6345